Manual de derecho penal: parte especial
Guardat en:
| Autor principal: | |
|---|---|
| Format: | Llibre |
| Idioma: | espanyol |
| Publicat: |
Santiago
LexisNexis
2007
|
| Edició: | 1a. ed |
| Col·lecció: | Colección Estudiantil
|
| Matèries: | |
| Etiquetes: |
Afegir etiqueta
Sense etiquetes, Sigues el primer a etiquetar aquest registre!
|
MARC
| LEADER | 00000nam a2200000 a 4500 | ||
|---|---|---|---|
| 001 | UCI4055 | ||
| 003 | CL-VaPUC | ||
| 008 | 071214e20070000CL |||||||||||||||||spa|d | ||
| 020 | |a 9789562387255v.2 | ||
| 082 | 0 | 4 | |a 345.83 |b MED |2 21 |
| 100 | |a Medina Jara, Rodrigo |e autor |9 554021 | ||
| 245 | 1 | 0 | |a Manual de derecho penal: parte especial |
| 250 | |a 1a. ed | ||
| 300 | |a v | ||
| 942 | |c BK | ||
| 945 | |d 20071214 00:00:00 |a jtorresc | ||
| 260 | |a Santiago |b LexisNexis |c 2007 | ||
| 650 | 7 | |a DERECHO PENAL |2 CL-VaPUC |9 11 | |
| 651 | 7 | |a CHILE |2 CL-VaPUC |9 525689 | |
| 583 | |a last modification |c 20071214 00:00:00 |k Rodrigo Vera | ||
| 490 | 0 | |a Colección Estudiantil | |
| 999 | |c 328054 |d 328052 | ||
| 952 | |0 0 |1 0 |4 0 |6 345_830000000000000_MED_2007 |7 0 |8 A |9 411769 |a BIBDER |b BIBDER |d 2019-11-22 |h v.2 |i 4396111 |l 1 |o 345.83 MED 2007 |p 4396111 |r 2023-01-25 |s 2022-01-06 |w 2019-11-22 |y BK |k DER | ||